Name a Valid Rainbow Six Siege Operator - Statistics

General Stats
  • This quiz has been taken 650 times
  • The average score is 14 of 20
Answer Stats
Name a valid operator... Answer % Correct
that has a shield primary Montagne | Clash | Blitz | Fuze
99%
that can breach reinforced walls (hard breacher) Thermite | Hibana | Maverick
95%
that can electrify walls Bandit | Kaid
94%
that can make clones Iana | Alibi
90%
from Brazil Capitao | Caveira
87%
that uses the MP5 Doc | Rook | Oryx
86%
that has Frag Grenades Sledge | Glaz | Buck | Finka | Iana | Maverick | Nokk
85%
that is an attacker with 3 armor Montagne | Fuze | Gridlock
76%
that can see through smoke Glaz | Warden
74%
part of the Navy Seals Blackbeard | Valkyrie
71%
that can stay hidden from cameras Nokk | Vigil
71%
that can give health Doc | Finka
69%
with a shotgun secondary Gridlock | Mozzie | Jackal | Mira | Amaru
60%
that ends with the letter "Z" Blitz | Glaz
59%
that is a defender with an acog sight Doc | Rook | Echo
59%
whose name is 3 letters long Ela | Doc | Ash
58%
that was released in operation Black Ice Frost | Buck
55%
that is banned at least 50% of the time* Mira | Echo | Jackal
55%
that is picked at least 60% of the time* Jackal | Jager
44%
with an accent mark in their name Jäger | Nøkk
42%
No matching quizzes found
Score Distribution
Percent of People with Each Score
Percentile by Number Answered
Your Score History
You have not taken this quiz